003370000a220010900045001000020000002450045000203000034000657730013000999420008001129520090001209990017002101 aBrockhoff, Eric10aWhat is effective community development? aNúm 13 (1986), Páginas 400 tTogether cANA 001040708HEMaFUSBCbFUSBCd2016-01-26l0o r2016-01-26 00:00:00w2016-01-26yANA c56538d56538